| 000 | 00580nam a2200205 a 4500 | ||
|---|---|---|---|
| 005 | 20210219153216.0 | ||
| 008 | 991125n 000 0 spa u | ||
| 035 | _aUPN01000084272 | ||
| 100 | 1 | _aAguirre Lopez, Juana | |
| 222 |
_aREENCUENTRO : _bANALISIS DE PROBLEMAS UNIVERSITARIOS |
||
| 245 | _aLa calidad de la universidad frente al nuevo milenio | ||
| 300 | _a41-57 | ||
| 362 | 0 | _a1999 No. 25 | |
| 653 | 0 | _aCALIDAD EDUCATIVA | |
| 653 | 0 | _aCRISIS EDUCATIVA | |
| 653 | 0 | _aEDUCACION SUPERIOR | |
| 653 | 0 | _aSISTEMA EDUCATIVO | |
| 904 |
_aAC _b022083 |
||
| 905 | _aArticulo | ||
| 999 |
_c71121 _d71121 |
||